Prime ministers of the Netherlands - Statistics

General Stats
  • This quiz has been taken 378 times
    80 since last reset
  • The average score is 14 of 52
Answer Stats
Years Party Answer % Correct
2024-2026 Independent Dick Schoof
97%
2010-2024 People's Party for Freedom and Democracy (VVD) Mark Rutte
97%
2026-Present Democrats 66 (D66) Rob Jettten
97%
2002-2010 Christian Democratic (CDA) Jan Peter Balkenende
90%
1994-2002 Labour (PVDA) Wim Kok
86%
1982-1994 Christian Democratic (CDA) Ruud Lubbers
66%
1977-1982 Christian Democratic (CDA) Dries van Agt
59%
1973-1977 Labour (PVDA) Joop den Uyl
52%
1967-1971 Catholic People's (KVP) Piet de Jong
48%
1948-1958 Labour (PVDA) Willem Drees
48%
1871-1872* Liberal (I) Johan Rudolph Thorbecke
34%
1862-1866 Liberal (I) Johan Rudolph Thorbecke
34%
1849-1853 Liberal (I) Johan Rudolph Thorbecke
34%
1971-1973 Anti-Revolutionary (ARP) Barend Biesheuvel
31%
1848-1848 Liberal (I) Gerrit Schimmelpenninck
31%
1966-1967 Anti-Revolutionary (ARP) Jelle Zijlstra
31%
1963-1965 Catholic People's (KVP) Victor Marijnen
31%
1940-1945 Anti-Revolutionary (ARP) Pieter Sjoerds Gerbrandy
28%
1945-1946 Labour (PVDA) Willem Schermerhorn
28%
1939-1940 Christian Historical (CHU) Dirk Jan de Geer
24%
1926-1929 Christian Historical (CHU) Dirk Jan de Geer
24%
1959-1963 Catholic People's (KVP) Jan de Quay
24%
1965-1966 Catholic People's (KVP) Jo Cals
24%
1958-1959 Catholic People's (KVP) Louis Beel
24%
1946-1948 Catholic People's (KVP) Louis Beel
24%
1933-1939 Anti-Revolutionary (ARP) Hendrikus Colijn
21%
1925-1926 Anti-Revolutionary (ARP) Hendrikus Colijn
21%
1872-1874 Liberal (I) Gerrit de Vries
17%
1883-1888 Conservative (I) Jan Heemskerk
17%
1874-1877 Conservative (I) Jan Heemskerk
17%
1908-1913 Anti-Revolutionary (ARP) Theo Heemskerk
17%
1901-1905 Anti-Revolutionary (ARP) Abraham Kuyper
14%
1913-1918 Liberal (I) Pieter Cort van der Linden
14%
1861-1861 Liberal (I) Jacob van Zuylen van Nijevelt
10%
1866-1868 Conservative (I) Julius van Zuylen van Nijevelt
10%
1897-1901 Liberal Union Nicolaas Pierson
10%
1905-1908 Liberal Union Theo de Meester
10%
1888-1891 Anti-Revolutionary (ARP) Aeneas Mackay
7%
1929-1933 Roman Catholic (RKSP) Charles Ruijs de Beerenbrouck
7%
1918-1925 Roman Catholic (RKSP) Charles Ruijs de Beerenbrouck
7%
1894-1897 Liberal (I) Joan Roell
7%
1860-1861 Liberal (I) Floris Adriaan van Hall
3%
1853-1856 Liberal (I) Floris Adriaan van Hall
3%
1891-1894 Liberal (I) Gijsbert van Tienhoven
3%
1866-1866 Liberal (I) Isaac Dingus Fransen van de Putte
3%
1848-1849 Liberal (I) Jacob de Kempenaer
3%
1858-1860 Conservative (I) Jan Jacob Rochussen
3%
1877-1879 Liberal (I) Jan Kappeyne van de Coppello
3%
1868-1871 Liberal (I) Pieter Philip van Bosse
3%
1861-1862 Liberal (I) Schelto van Heemstra
3%
1879-1883 Antirevolutionary (I) Theo van Lynden van Sandenburg
3%
1856-1858 Antirevolutionary (I) Justinus van der Brugghen
0%
No matching quizzes found
Score Distribution
Percent of People with Each Score
Percentile by Number Answered
Your Score History
You have not taken this quiz since the last reset